| 000 | 00772nam a22002177a 4500 | ||
|---|---|---|---|
| 999 |
_c5859 _d5859 |
||
| 003 | AR-CdUCM | ||
| 008 | 190313b ||||| |||| 00| 0 spa d | ||
| 040 |
_aMUNICIPALIDAD PROVINCIAL DEL CUSCO _cBIBLIOTECA MUNICIPAL DEL CUSCO |
||
| 082 |
_a869.7 / _bP538 |
||
| 100 |
_aPhelps, Anthony _917318 |
||
| 245 | _aLa Béliére Caraibe / | ||
| 260 |
_aLa Habana : _bEdiciones Casa de las Américas, _c1980. |
||
| 300 |
_a131 páginas ; _c18 cm. |
||
| 500 | _aDonación familia Nieto | ||
| 505 | _aContenido: Esquisses en prologue -- Nomade je fus -- Vacance de Paupiéres -- Automne de L´oeil -- Capitaine de mes douleurs... | ||
| 650 |
_aPoesía francesa _95723 |
||
| 650 |
_aCasa de las Américas _917319 |
||
| 650 |
_aSiglo XX _98 |
||
| 942 |
_2ddc _cLIBROS |
||
| 945 | _adavv | ||